01000nam a2200217 a 450000100100000000500170001000800410002702000150006804000250008311100920010824501360020024600780033626000690041430000210048349000700050449000340057470000350060870000350064383000700067883000340074800002376020250924073802.0110113s2004 dr 001 0 spa d a9993477400 aDO-SdBNPbspacBNPHU2 aEncuentro internacional de escritores "Pablo Neruda".c(Santo Domingod1983: sept., 11)10aEncuentro internacional de escritores "Pablo Neruda". /ccoordinador Mateo Morrison : presentación Porfirio García Fernández.14aActas y documentos:bencuentro internacional de escritores "Pablo Neruda" aSanto Domingo :bUniversidad Autónoma de Santo Domingo,c2004. a121 p. ;c20 cm.1 aPublicaciones de la Universidad Autónoma de Santo Domingov11451 aLiteratura y sociedadvno. 421 aMorrison, Mateo,d1947-ecoor.1 aGarcía Fernández, Porfirio aPublicaciones de la Universidad Autónoma de Santo Domingov1145 0aLiteratura y sociedadvno. 42